<?xml version="1.0" encoding="UTF-8"?>
<record
    xmlns:xsi="http://www.w3.org/2001/XMLSchema-instance"
    xsi:schemaLocation="http://www.loc.gov/MARC21/slim http://www.loc.gov/standards/marcxml/schema/MARC21slim.xsd"
    xmlns="http://www.loc.gov/MARC21/slim">

  <leader>01217nam2a22002531  4500</leader>
  <controlfield tag="001">RU\NLR\INFOCOMM18\1000030223</controlfield>
  <controlfield tag="005">20250616232745.0</controlfield>
  <datafield tag="035" ind1=" " ind2=" ">
    <subfield code="a">(NLR Aleph) 002278982</subfield>
  </datafield>
  <datafield tag="090" ind1=" " ind2=" ">
    <subfield code="a">4023673</subfield>
    <subfield code="c">4023673</subfield>
  </datafield>
  <datafield tag="100" ind1=" " ind2=" ">
    <subfield code="a">20031124d1982    |||y0rusy50      ca</subfield>
  </datafield>
  <datafield tag="101" ind1="0" ind2=" ">
    <subfield code="a">rus</subfield>
  </datafield>
  <datafield tag="102" ind1=" " ind2=" ">
    <subfield code="a">RU</subfield>
  </datafield>
  <datafield tag="105" ind1=" " ind2=" ">
    <subfield code="a">y   |||||||||</subfield>
  </datafield>
  <datafield tag="200" ind1="1" ind2=" ">
    <subfield code="a">&#x41F;&#x440;&#x438;&#x43D;&#x44F;&#x442;&#x438;&#x435; &#x440;&#x435;&#x448;&#x435;&#x43D;&#x438;&#x439; &#x43F;&#x440;&#x438; &#x43F;&#x440;&#x43E;&#x433;&#x43D;&#x43E;&#x437;&#x438;&#x440;&#x43E;&#x432;&#x430;&#x43D;&#x438;&#x438; &#x43C;&#x435;&#x441;&#x442;&#x43E;&#x440;&#x43E;&#x436;&#x434;&#x435;&#x43D;&#x438;&#x439; &#x442;&#x432;&#x435;&#x440;&#x434;&#x44B;&#x445; &#x43F;&#x43E;&#x43B;&#x435;&#x437;&#x43D;&#x44B;&#x445; &#x438;&#x441;&#x43A;&#x43E;&#x43F;&#x430;&#x435;&#x43C;&#x44B;&#x445;</subfield>
    <subfield code="f">&#x410;.&#x41D;. &#x411;&#x443;&#x433;&#x430;&#x435;&#x446;</subfield>
  </datafield>
  <datafield tag="210" ind1=" " ind2=" ">
    <subfield code="d">1982</subfield>
    <subfield code="a">&#x411;. &#x43C;.</subfield>
  </datafield>
  <datafield tag="461" ind1=" " ind2="0">
    <subfield code="1">001RU\NLR\INFOCOMM18\1000030189</subfield>
    <subfield code="1">2001#$a&#x410;&#x432;&#x442;&#x43E;&#x43C;&#x430;&#x442;&#x438;&#x437;&#x438;&#x440;&#x43E;&#x432;&#x430;&#x43D;&#x43D;&#x44B;&#x435; &#x441;&#x438;&#x441;&#x442;&#x435;&#x43C;&#x44B; &#x432; &#x433;&#x435;&#x43E;&#x43B;&#x43E;&#x433;&#x438;&#x438;$f&#x412;&#x41D;&#x418;&#x418; &#x44D;&#x43A;&#x43E;&#x43D;&#x43E;&#x43C;&#x438;&#x43A;&#x438; &#x43C;&#x438;&#x43D;&#x435;&#x440;. &#x441;&#x44B;&#x440;&#x44C;&#x44F; &#x438; &#x433;&#x435;&#x43E;&#x43B;.-&#x440;&#x430;&#x437;&#x432;&#x435;&#x434;. &#x440;&#x430;&#x431;&#x43E;&#x442; (&#x412;&#x418;&#x42D;&#x41C;&#x421;)$v1982, &#x412;&#x44B;&#x43F;.2(34)</subfield>
    <subfield code="9">4023406</subfield>
    <subfield code="c">&#x41C;.</subfield>
    <subfield code="d">1975-</subfield>
    <subfield code="f">&#x412;&#x41D;&#x418;&#x418; &#x44D;&#x43A;&#x43E;&#x43D;&#x43E;&#x43C;&#x438;&#x43A;&#x438; &#x43C;&#x438;&#x43D;&#x435;&#x440;. &#x441;&#x44B;&#x440;&#x44C;&#x44F; &#x438; &#x433;&#x435;&#x43E;&#x43B;.-&#x440;&#x430;&#x437;&#x432;&#x435;&#x434;. &#x440;&#x430;&#x431;&#x43E;&#x442; (&#x412;&#x418;&#x42D;&#x41C;&#x421;)</subfield>
    <subfield code="n">&#x412;&#x418;&#x42D;&#x41C;&#x421;</subfield>
    <subfield code="t">&#x410;&#x432;&#x442;&#x43E;&#x43C;&#x430;&#x442;&#x438;&#x437;&#x438;&#x440;&#x43E;&#x432;&#x430;&#x43D;&#x43D;&#x44B;&#x435; &#x441;&#x438;&#x441;&#x442;&#x435;&#x43C;&#x44B; &#x432; &#x433;&#x435;&#x43E;&#x43B;&#x43E;&#x433;&#x438;&#x438;</subfield>
    <subfield code="v">1982, &#x412;&#x44B;&#x43F;.2(34)</subfield>
  </datafield>
  <datafield tag="700" ind1=" " ind2="1">
    <subfield code="a">&#x411;&#x443;&#x433;&#x430;&#x435;&#x446;</subfield>
    <subfield code="b">&#x410;.&#x41D;.</subfield>
    <subfield code="4">070</subfield>
  </datafield>
  <datafield tag="801" ind1=" " ind2="1">
    <subfield code="a">RU</subfield>
    <subfield code="b">InfoComm</subfield>
    <subfield code="c">20031124</subfield>
  </datafield>
  <datafield tag="801" ind1=" " ind2="0">
    <subfield code="a">RU</subfield>
    <subfield code="b">NLR</subfield>
    <subfield code="g">PSBO</subfield>
  </datafield>
  <datafield tag="852" ind1=" " ind2=" ">
    <subfield code="a">NLR</subfield>
    <subfield code="j">&#x41F;7/1795</subfield>
  </datafield>
  <datafield tag="942" ind1=" " ind2=" ">
    <subfield code="c">ISSUE</subfield>
  </datafield>
  <datafield tag="980" ind1=" " ind2=" ">
    <subfield code="a">NB</subfield>
  </datafield>
  <datafield tag="980" ind1=" " ind2=" ">
    <subfield code="a">RUSPER</subfield>
  </datafield>
</record>
